Warrior Cats Names '-claw' - Statistics

General Stats
  • This quiz has been taken 416 times
  • The average score is 7 of 32
Answer Stats
Clan Name % Correct
ThunderClan Tigerclaw
92%
ThunderClan Brambleclaw
79%
ThunderClan Thornclaw
48%
ThunderClan Thistleclaw
47%
RiverClan Blackclaw
44%
RiverClan Whiteclaw
43%
WindClan Mudclaw
37%
SkyClan Sharpclaw
37%
ShadowClan Rowanclaw
31%
WindClan Redclaw
29%
WindClan Shrewclaw
20%
WindClan Stoneclaw
16%
ThunderClan Gorseclaw
15%
WindClan Gorseclaw
15%
ShadowClan Owlclaw
15%
RiverClan Rippleclaw
14%
RiverClan Voleclaw
14%
SkyClan Ebonyclaw
13%
RiverClan Foxclaw
13%
ThunderClan Pineclaw
13%
WindClan Willowclaw
12%
ThunderClan Amberclaw
11%
WindClan Plumclaw
11%
RiverClan Brindleclaw
10%
ShadowClan Crowclaw
10%
SkyClan Frostclaw
10%
ThunderClan Nettleclaw
10%
ShadowClan Ferretclaw
9%
ShadowClan Juniperclaw
9%
WindClan Oatclaw
9%
RiverClan Troutclaw
7%
WindClan Chiveclaw
5%
No matching quizzes found
Score Distribution
Percent of People with Each Score
Percentile by Number Answered
Your Score History
You have not taken this quiz